Statistics for Guess the Characters from Lego Friends Movie

Click here to take the quiz!

General Stats

  • This quiz has been taken 5 times
  • The average score is 8 of 16

Answer Stats

Answer% Correct
Andrea
100%
Mia
100%
Stephanie
100%
Emma
67%
Olivia
67%
Carter Greene
33%
Dean
33%
Dottie Rae
33%
Dr Alvah
33%
Ethan
33%
Hazel
33%
Joey
33%
Kacey
33%
Ricky
33%
River
33%
Vicky
33%

Score Distribution

Percentile by Number Answered

Percent of People with Each Score

Your Score History

You have not taken this quiz